[Event "3rd Yerevan Open-A 2021"]
[Site "Yerevan"]
[Date "2021.10.17"]
[Round "4.5"]
[White "Erigaisi Arjun"]
[Black "Tahbaz, Arash"]
[Result "0-1"]
[WhiteElo "2634"]
[BlackElo "2459"]
[Annotator "TA"]
[PlyCount "186"]
[EventDate "2021.10.14"]
[EventType "swiss"]
[EventCountry "ARM"]
[SourceTitle "playchess.com"]
[Source "ChessBase"]
[SourceQuality "1"]

{[%evp 9,186,13,13,16,14,17,12,17,17,14,12,15,16,10,25,24,22,30,31,21,23,23,31,32,44,41,29,10,48,49,42,5,25,0,47,24,32,0,0,0,0,0,0,0,0,0,0,0,0,0,0,-10,0,0,0,-6,0,0,0,-10,-15,-15,-15,-15,-15,-16,-16,-16,0,-16,-16,-16,0,-16,-16,-16,-16,-16,-16,-16,0,-16,0,-16,0,-50,-16,-16,-16,-16,-16,-16,0,-16,0,-16,-16,-16,0,-16,0,-16,0,-16,0,-16,0,-16,0,-16,-16,-16,-16,-16,-16,-16,0,-24,-17,-17,0,-13,-13,-24,-24,-24,-24,-47,-54,-74,-71,-71,-28,-74,-36,-292,-137,-285,-284,-272,-8,-8,-8,-18,0,0,0,0,0,0,0,-368,-139,-2614,-2289,-29950,-29949,-4698,-9579,-29970,-29971,-29973,-29974,-29973,-29975,-29974,-29974,-29973,-29972,-29979,-29980,-29981,-29982,-29984,-29985,-29987,-29988,-29988,-29989]} 1. d4 Nf6 2. Bg5 Ne4 3. Bf4 d5 4. e3 c5 5. Nd2 Nxd2 6. Qxd2 {A45: Trompowsky Attack.} Nc6 {6...cxd4 is vanishing.} 7. Nf3 cxd4 8. exd4 {The position is equal.} Bf5 9. Ne5 Qb6 10. c3 e6 {[#]} 11. Bd3 $146 ({Predecessor:} 11. Be2 f6 12. Nd3 Kf7 13. O-O g5 14. Bg3 h5 15. f4 h4 16. Bf2 Bh6 17. fxg5 Bxg5 {1-0 (27) Zimmermann,R (2173)-Lehmann,R (1561) Playchess.com INT 2020}) 11... Nxe5 12. Bxe5 ({But not} 12. Bxf5 Nc4 $17) 12... Bxd3 13. Qxd3 f6 ({Wrong is} 13... Qxb2 $2 14. Rb1 $18) 14. Bg3 Be7 15. O-O O-O 16. Rae1 Rfe8 17. Re2 Bd6 18. f4 (18. Rfe1 {seems wilder.} Bxg3 19. hxg3 Re7 20. g4 Qd6 21. Qe3) 18... Qa6 19. Qxa6 bxa6 20. Rfe1 Kf7 21. Kf2 f5 22. Ke3 a5 23. Kd3 a4 24. Rc1 Rec8 25. Rce1 Re8 26. Rf1 Rab8 27. Be1 Rb6 28. g3 Reb8 29. Rff2 h6 30. Rc2 g5 31. fxg5 hxg5 32. Bd2 g4 33. Bc1 Rc6 (33... Ke7 {feels hotter.} 34. c4 dxc4+ 35. Rxc4 Rb4 36. Rc6 R8b6) 34. Bf4 (34. Rce2 {with more complications.} Bc7 35. Rf1 Rc8 36. Bd2 Rb8 37. Bc1) 34... Bxf4 35. Rxf4 $11 {[%mdl 4096] Endgame KRR-KRR} Rcb6 36. Rff2 Kf6 37. Rfe2 R6b7 38. Ke3 Rb6 39. Kf2 Rb5 40. Ke1 R5b6 41. Kd1 R8b7 42. Kc1 Rc7 43. Re3 Rc8 44. Rf2 Rc7 (44... Rcb8 {is more complex.} 45. Rfe2 Kf7 46. Re5 Rc8 47. R5e3 Rc7) 45. Rc2 Rc8 46. Re1 Rc7 47. Rh1 Rh7 48. Rg1 Rhb7 49. Rgg2 Rc7 50. Rge2 Rc8 51. Kd2 Rcb8 52. Ke3 R6b7 53. Kf4 Rb6 54. Rf2 R6b7 55. Ke3 Rb6 56. Rfd2 R6b7 57. Kd3 Rb6 58. Re2 R6b7 59. c4 dxc4+ 60. Kxc4 Rb4+ 61. Kd3 R8b6 62. Red2 Rb8 63. Ke3 R4b7 64. Ke2 Rh8 65. Kd1 Rd8 66. Rc4 Rdb8 67. Kc1 Rb4 68. Rc6 R8b6 69. Rc3 Rd6 $1 70. Rcd3 Rc6+ 71. Kb1 Rbc4 {[%csl Gc6][%cal Rc4c1]} (71... Rc7 {keeps more tension.} 72. Re3 Rd7 73. Red3 Rd5 74. Kc2 Rc4+) 72. a3 $2 {[%mdl 8192]} ({White should try} 72. b3 $15 axb3 73. axb3) 72... Rc1+ $19 73. Ka2 R6c2 74. d5 exd5 $2 (74... e5 $19 {Hoping for ...Ke7.} 75. d6 Rxd2 76. Rxd2 Rc8) 75. Rxd5 $11 Rxd2 76. Rxd2 $19 {KR-KR} Rh1 77. b3 Ke5 78. bxa4 Ke4 79. Kb3 Ke3 80. Rd5 $2 {[%mdl 8192]} (80. Rc2 $1 $11 {and White has nothing to worry.}) 80... f4 81. Re5+ $2 {[%mdl 8192] [#]} (81. gxf4 $17 Rxh2 82. f5) 81... Kf2 $1 82. gxf4 Rxh2 83. f5 Rh5 84. Rb5 a6 {Black mates.} 85. Rc5 {[#]} g3 $1 {[%cal Rg3g2]} 86. Rc2+ Kf3 87. Rc3+ Kg4 88. f6 Rf5 89. Rc6 g2 90. f7 Rxf7 91. Rg6+ Kf3 92. Kb4 Rf4+ 93. Ka5 Rg4 {Weighted Error Value: White=0.08/Black=0.07} 0-1

[Event "3rd Yerevan Open-A 2021"]
[Site "Yerevan"]
[Date "2021.10.17"]
[Round "4.6"]
[White "Davtyan, Artur"]
[Black "Pantsulaia, Levan"]
[Result "1/2-1/2"]
[WhiteElo "2453"]
[BlackElo "2570"]
[Annotator "TA"]
[PlyCount "80"]
[EventDate "2021.10.14"]
[EventType "swiss"]
[EventCountry "ARM"]
[SourceTitle "playchess.com"]
[Source "ChessBase"]
[SourceQuality "1"]

{[%evp 14,80,62,40,50,0,-1,-12,-10,-14,0,0,0,0,3,-5,-5,-11,0,-18,-12,-15,-12,-25,-25,-31,-31,-16,-33,-20,0,0,0,-8,0,0,0,0,0,10,38,44,72,0,0,0,34,19,29,21,35,43,39,32,43,6,3,6,11,0,16,29,29,0,0,0,0,0,0]} 1. d4 c5 2. d5 g6 3. e4 Bg7 4. Nf3 d6 5. Be2 Nf6 6. Nc3 O-O 7. O-O Na6 8. h3 Nc7 {A43: Schmid Benoni.} 9. Bf4 ({White should try} 9. Re1 $14) 9... b5 $1 $11 10. e5 dxe5 11. Bxe5 {[#]} Nfxd5 $146 ({Predecessor:} 11... a6 12. d6 exd6 13. Bxd6 Re8 14. Bxc5 Bb7 15. Re1 Qc8 16. Be3 Ne6 {½-½ (29) Hjorth,J (1970)-Rozhnev,I (2205) ICCF email 2016}) 12. Nxd5 Nxd5 13. Bxb5 {Hoping for Bc6.} Bb7 14. Qd2 Qb6 15. Bc4 Rad8 16. c3 f6 17. Bg3 e5 18. Qc2 Kh8 19. Rfe1 Ne7 20. Nd2 Nf5 21. Bh2 Nh4 (21... Bh6 {feels hotter.} 22. Rad1 Kg7 23. Bd3 Bxd2 24. Rxd2 Nh4) 22. Bf1 Qc6 23. f3 $1 Bh6 24. Ne4 Nf5 25. Qf2 Qb6 26. Kh1 Bf4 (26... Bxe4 $5 27. fxe4 Rd2 $1 $11 {[%mdl 64] Double Attack}) 27. Qxc5 Ne3 28. Qxb6 (28. Bg1 $16 Nc2 {[#]} 29. Qxf8+ $1 (29. Qxb6 axb6 30. Bxb6 Ra8 $15) 29... Rxf8 30. Bxb6 axb6 31. Nd6) 28... axb6 29. Rac1 f5 30. Bxf4 exf4 31. Ng5 {aiming for Ne6.} Bd5 {White must now prevent ...h6.} 32. h4 Bxa2 33. Nh3 Rd2 34. Nxf4 Nxf1 35. Rxf1 Rxb2 36. Rfd1 Bc4 37. Rd7 Rf7 38. Rxf7 Bxf7 {The position is equal.} 39. Nd3 Rd2 40. Ne5 Ba2 {Weighted Error Value: White=0.10/Black=0.06} 1/2-1/2

[Event "3rd Yerevan Open-A 2021"]
[Site "Yerevan"]
[Date "2021.10.17"]
[Round "4.7"]
[White "Puranik, Abhimanyu"]
[Black "Bharath Subramaniyam H"]
[Result "1-0"]
[WhiteElo "2568"]
[BlackElo "2435"]
[Annotator "TA"]
[PlyCount "119"]
[EventDate "2021.10.14"]
[EventType "swiss"]
[EventCountry "ARM"]
[SourceTitle "playchess.com"]
[Source "ChessBase"]
[SourceQuality "1"]

{[%evp 21,119,42,29,34,68,70,80,53,67,60,98,94,91,95,80,87,87,87,95,103,88,70,75,68,75,75,75,75,75,74,75,75,75,75,75,75,75,75,75,75,75,35,75,51,75,75,75,74,75,68,75,75,75,72,68,72,75,75,75,75,75,75,75,75,75,75,77,75,75,75,79,79,86,83,117,107,104,98,148,123,661,655,539,448,430,381,12841,12839,12841,12841,29990,29991,29996,29997,29997,29996,29996,29997,29997,29998]} 1. c4 Nf6 2. Nc3 c5 3. g3 Nc6 4. Bg2 g6 5. a3 Bg7 6. Rb1 a5 7. d3 O-O 8. Nf3 d6 9. O-O e5 10. Bg5 h6 11. Bxf6 Bxf6 12. Ne1 {A38: Symmetrical English vs ...g6: 4 Bg2 Bg7 5 Nf3 Nf6.} Be6 13. Nc2 Bg7 14. Ne3 {White is better.} Rb8 15. Ned5 f5 16. b4 axb4 17. axb4 cxb4 18. Nxb4 e4 {[#] Hoping for ...Nxb4.} 19. Nb5 $146 ({Predecessor:} 19. Nbd5 Bxd5 20. Nxd5 exd3 21. Qxd3 Kh7 22. e4 Nd4 23. exf5 gxf5 24. Rb6 Kh8 25. Rfb1 {1-0 (52) Jere,D (2370)-Klaasen,C (2180) Windhoek 2014}) 19... Nxb4 20. Rxb4 Qe7 21. dxe4 d5 $1 22. exd5 {Black must now prevent d6.} Qxb4 23. dxe6 Qxc4 {[#]} 24. e7 $1 Qxb5 25. exf8=Q+ Bxf8 26. Qc2 Qc5 27. Qb3+ Kg7 28. Qb2+ Kh7 29. Rc1 Qd6 30. Qb5 Bg7 31. h4 h5 32. Bf3 ({Don't play} 32. Bxb7 f4 $11) 32... Qe7 33. Kg2 Rd8 34. Qa5 Kh6 35. Rc4 Kh7 36. Rc7 Rd7 37. Rc8 Qe6 38. Qb5 Re7 39. Rd8 Qe5 40. Qb4 Qc7 41. Qd2 Qe5 42. Rd5 Qc3 43. Qf4 Qc7 44. Qa4 Qc6 45. Rb5 Qd6 46. Qb3 Qf6 47. e3 Qc3 48. Qd1 Qc4 49. Qb1 {Threatens to win with Rxf5!} Qc3 {[#]} 50. e4 $1 {[%cal Re4f5]} Bd4 $2 {[%mdl 8192] A mistake that costs the game.} (50... f4 $16) 51. exf5 $18 Qd2 52. fxg6+ Kg7 53. Qf1 Kxg6 $2 (53... Qe1 54. Qxe1 (54. Bxb7 Bxf2 55. Qxe1 Bxe1 $18) 54... Rxe1 55. Bxh5 b6) 54. Qb1+ Kg7 55. Rg5+ Kf8 56. Qf5+ {White mates.} Rf7 57. Qc8+ {[%mdl 64] Double Attack} Ke7 58. Qxb7+ Kf8 59. Qc8+ Ke7 60. Qc7+ {Weighted Error Value: White=0.04/Black=0.30} 1-0

[Event "3rd Yerevan Open-A 2021"]
[Site "Yerevan"]
[Date "2021.10.17"]
[Round "4.9"]
[White "Nadanian, Ashot"]
[Black "Sivuk, Vitaly"]
[Result "0-1"]
[WhiteElo "2317"]
[BlackElo "2529"]
[Annotator "TA"]
[PlyCount "82"]
[EventDate "2021.10.14"]
[EventType "swiss"]
[EventCountry "ARM"]
[SourceTitle "playchess.com"]
[Source "ChessBase"]
[SourceQuality "1"]

{[%evp 9,82,13,29,5,15,12,31,2,37,-2,0,0,0,0,0,-9,1,-22,20,0,0,-72,-45,-50,-56,-105,-87,-112,-102,-101,-94,-150,-165,-161,-151,-151,-156,-146,-154,-167,-131,-142,-126,-152,-157,-232,-218,-231,-217,-226,-225,-331,-223,-228,-227,-293,-294,-386,-385,-439,-322,-317,-213,-189,-141,-145,-141,-173,-175,-203,-206,-213,-213,-213,-213]} 1. e4 c5 2. Nf3 d6 3. d4 cxd4 4. Nxd4 Nf6 5. Nc3 a6 6. Qd3 {B90: Sicilian Najdorf: Unusual White 6th moves, 6 Be3 Ng4 and 6 Be3 e5.} Nbd7 7. Be2 g6 8. Bg5 {White is slightly better.} Bg7 9. O-O O-O {[#]} 10. Rad1 $146 ({Predecessor:} 10. Qe3 Re8 11. Rad1 Qb6 12. a3 Qc5 13. Nb3 Qc7 14. a4 b6 15. f4 Bb7 16. Bh4 Rac8 17. Bg3 Bh6 18. Qd4 Nc5 19. Nxc5 bxc5 20. Qc4 Red8 21. e5 {½-½ (21) Piscopo,P (2392)-Agrest,E (2561) Arvier 2007}) 10... Qb6 11. Nb3 Qc7 12. Qe3 Re8 13. Bh6 Bh8 14. f4 b5 {[%cal Bb7b5,Bb5b4,Bb4c3][%mdl 32]} 15. e5 (15. f5 $11) 15... dxe5 $17 16. fxe5 Nxe5 {...Neg4! is the strong threat.} 17. Qg3 b4 $1 {[%cal Rb4c3]} 18. Bf4 bxc3 19. Bxe5 Qa7+ 20. Bd4 {[#]} (20. Kh1 $142) 20... Ne4 $1 {[%mdl 512]} 21. Qe3 Bxd4 22. Rxd4 Nd6 23. bxc3 Bf5 24. Qe5 Bxc2 25. Kh1 Rab8 26. Nc5 a5 27. h4 (27. Bg4 $17) 27... Rec8 28. Ne6 {[%csl Ge6][%cal Re5g7]} f6 ({Not} 28... fxe6 29. Qxe6+ Kh8 30. Qe5+ Kg8 31. Qe6+ Kh8 32. Qe5+ Kg8 33. Qe6+ $11) 29. Qe3 Qb6 $1 30. g4 (30. Qh6 {keeps fighting.} Nf5 {[%mdl 64] Discovered Attack} 31. Rxf5 Qxe6 {[%mdl 64] Double Attack} 32. Rf2) 30... Nf7 31. Bf3 {[#] intending Bd5.} Ba4 $1 {[%mdl 512]} 32. Kg1 (32. g5 Bc6) 32... Bc6 {Threatens to win with ...Bxf3.} 33. Bd1 {[#]} Bd5 $1 {[%mdl 512]} 34. Re1 (34. Nf4 Bxa2) 34... Bxe6 35. Qxe6 Qxe6 ({Less strong is} 35... Rxc3 36. Qxb6 Rxb6 37. Rxe7 $15) 36. Rxe6 {Black is clearly better.} Rc7 ({But not} 36... Rxc3 37. Rxe7 Rb1 38. Kf2 $15) 37. Bb3 Kf8 38. Ra6 Rxc3 39. Rxa5 Ne5 {Hoping for ...Nf3+.} 40. Re4 {[#]} Nf3+ $1 41. Kf2 {[#]} Nd2 $1 {[%cal Rd2e4] Weighted Error Value: White=0.27/Black=0.14} 0-1

[Event "3rd Yerevan Open-A 2021"]
[Site "Yerevan"]
[Date "2021.10.17"]
[Round "4.10"]
[White "Nikitenko, Mihail"]
[Black "Simonian, Hrair"]
[Result "0-1"]
[WhiteElo "2499"]
[BlackElo "2430"]
[Annotator "TA"]
[PlyCount "107"]
[EventDate "2021.10.14"]
[EventType "swiss"]
[EventCountry "ARM"]
[SourceTitle "playchess.com"]
[Source "ChessBase"]
[SourceQuality "1"]

{[%evp 13,107,42,46,51,49,46,66,46,46,46,48,46,41,35,74,73,91,81,72,75,85,45,62,0,0,0,0,0,0,0,0,0,0,0,0,0,0,0,0,0,0,0,0,-162,-161,-168,-164,-136,-151,-181,-181,-173,-104,-174,0,-116,0,-190,-177,-185,-170,-167,-158,-126,-83,-252,0,-104,-112,-150,-74,-320,-290,-553,-544,-587,-571,-1536,-1495,-1617,-1526,-1337,-1343,-1254,-1387,-1344,-1370,-1339,-1142,-1288,-1244,-2460,-2566,-29984,-29984,-29983]} 1. e4 c5 2. Nf3 e6 3. d4 cxd4 4. Nxd4 a6 5. Bd3 Qc7 6. O-O Nf6 7. Qe2 Nc6 8. Nxc6 {B42: Sicilian: Kan Variation: 5 Bd3.} dxc6 9. e5 Nd7 10. Re1 {White is slightly better.} b5 11. c4 Bb7 {[#]} 12. Bf4 $146 ({Predecessor:} 12. Nc3 Nc5 13. Bc2 b4 14. Ne4 Nxe4 15. Qxe4 O-O-O 16. Bg5 Be7 17. Bxe7 Qxe7 18. Qe3 c5 19. Rad1 g6 20. Be4 Bxe4 21. Qxe4 Qb7 {½-½ (21) Woods,T (1829)-Neatherway,A (1859) England 2013}) 12... Be7 13. Nd2 Nc5 14. Bc2 b4 15. Qg4 g5 16. Be3 $1 (16. Bxg5 Rg8 $15) 16... h5 17. Qg3 {aiming for Bxc5.} O-O-O 18. Ne4 (18. Rad1 $14) 18... Nxe4 $11 19. Bxe4 c5 20. Bxg5 h4 21. Qf4 Bxg5 22. Qxg5 h3 {Threatens to win with ...Bxe4.} 23. Qf6 Rhg8 24. g3 Rd4 $36 {[%mdl 2048] Black is pushing.} 25. Bf3 Bxf3 (25... Rxc4 {feels hotter.} 26. Rac1 Rd4 27. Rxc5 Qxc5 28. Bxb7+ Kxb7 29. Qxf7+ Kb6) 26. Qxf3 Qb7 27. Qxb7+ Kxb7 {[%mdl 4096] Endgame KRR-KRR} 28. Re2 $2 (28. b3 $11) 28... Rgd8 $1 $19 ({But not} 28... Rxc4 $6 29. Rd2 $11) 29. f3 Rxc4 30. Kf2 Rd3 31. g4 Rf4 $1 32. Re3 Rd2+ (32... Rxe3 $1 $19 33. Kxe3 Rc4) 33. Re2 (33. Kg3 $17 Rc4 34. b3) 33... Rd3 (33... Rfd4 $19 34. a3 b3) 34. Re3 $17 {[#]} Rd2+ (34... Rxe3 $1 $17 35. Kxe3 Rc4) 35. Re2 $19 Rfd4 36. b3 Kc6 37. Rae1 a5 38. Kg3 R2d3 39. Rf2 $2 (39. Rc1 $17 {might work better.}) 39... Rd2 $2 ({Better is} 39... a4 $1 $19 40. bxa4 Rd2) 40. Ree2 (40. Rfe2 $1 $11 {remains equal.}) 40... Rxe2 $17 41. Rxe2 {KR-KR} a4 (41... Kd5 $142 42. Kxh3 c4 43. bxc4+ Rxc4) 42. bxa4 $2 (42. Kxh3 $17 {was forced.} axb3 43. axb3) 42... c4 $19 43. Rc2 $2 (43. f4) 43... Kd5 44. Kxh3 Rd1 45. Kg3 c3 46. Kf2 Kd4 47. Re2 Kd3 {And now ...Rd2 would win.} 48. Re3+ Kd2 {...Rf1+! is the strong threat.} 49. Re2+ {[#]} Kc1 $1 50. Re4 Rd2+ 51. Ke3 Rb2 52. a3 bxa3 53. Kd3 Rb3 54. Kd4 {Weighted Error Value: White=0.49/Black=0.18} 0-1

[Event "3rd Yerevan Open-A 2021"]
[Site "Yerevan"]
[Date "2021.10.17"]
[Round "4.11"]
[White "Atakhan, Abtin"]
[Black "Quparadze, Giga"]
[Result "0-1"]
[WhiteElo "2319"]
[BlackElo "2495"]
[Annotator "ChessBase"]
[PlyCount "110"]
[EventDate "2021.10.14"]
[EventType "swiss"]
[EventCountry "ARM"]
[SourceTitle "playchess.com"]
[Source "ChessBase"]
[SourceQuality "1"]
[TimeControl "40/5400+30:1800+30"]

1. d4 {[%emt 0:00:03]} Nf6 {[%emt 0:00:06]} 2. c4 {[%emt 0:00:14]} e6 {[%emt 0:00:05]} 3. g3 {[%emt 0:00:11]} Bb4+ {[%emt 0:00:06]} 4. Bd2 {[%emt 0:00:09]} a5 {[%emt 0:00:04]} 5. Nf3 {[%emt 0:00:10]} O-O {[%emt 0:00:10]} 6. Bg2 {[%emt 0:00:10]} d5 {[%emt 0:00:05]} 7. Qc2 {[%emt 0:00:07]} Be7 {[%emt 0:00:05]} 8. O-O {[%emt 0:00:12]} c6 {[%emt 0:00:03]} 9. Rd1 {[%emt 0:00:52]} Nbd7 {[%emt 0:00:08]} 10. Bf4 {[%emt 0:00:40]} a4 {[%emt 0:00:06]} 11. Nc3 {[%emt 0:03:40]} Qa5 {[%emt 0:00:54]} 12. Ne5 {[%emt 0:04:11]} Nxe5 {[%emt 0:00:14]} 13. dxe5 {[%emt 0:00:53]} Nd7 {[%emt 0:00:07]} 14. cxd5 {[%emt 0:10:53]} exd5 {[%emt 0:00:05]} 15. e4 {[%emt 0:01:55]} dxe4 {[%emt 0:00:06]} 16. e6 {[%emt 0:19:34]} fxe6 {[%emt 0:00:20]} 17. Nxe4 {[%emt 0:02:42]} Qf5 {[%emt 0:02:17]} 18. Qc4 {[%emt 0:03:19]} Nb6 {[%emt 0:00:37]} 19. Qd4 {[%emt 0:02:10]} Nd5 {[%emt 0:01:03]} 20. Bd6 {[%emt 0:01:08]} Bxd6 {[%emt 0:01:18]} 21. Nxd6 {[%emt 0:00:09]} Qf6 {[%emt 0:00:02]} 22. Qd2 {[%emt 0:01:05]} a3 {[%emt 0:00:37]} 23. bxa3 {[%emt 0:01:19]} Rxa3 {[%emt 0:00:19]} 24. Re1 {[%emt 0:01:57]} b5 {[%emt 0:02:11]} 25. Nxc8 {[%emt 0:06:16]} Rxc8 {[%emt 0:00:06]} 26. Rac1 {[%emt 0:03:24]} Nc3 {[%emt 0:01:49]} 27. Re3 {[%emt 0:06:04]} b4 {[%emt 0:06:33]} 28. Bh3 {[%emt 0:05:02]} Re8 {[%emt 0:00:43]} 29. Qd7 {[%emt 0:07:03]} Rf8 {[%emt 0:00:05]} 30. f4 {[%emt 0:03:24]} c5 {[%emt 0:06:50]} 31. Qxe6+ {[%emt 0:03:10]} Kh8 {[%emt 0:00:21]} 32. Qxf6 {[%emt 0:03:29]} gxf6 {[%emt 0:00:05]} 33. Rc2 {[%emt 0:00:08]} Rfa8 {[%emt 0:00:50]} 34. Be6 {[%emt 0:00:34]} Re8 {[%emt 0:01:06]} 35. f5 {[%emt 0:01:05]} Rd8 {[%emt 0:00:05]} 36. Bb3 {[%emt 0:01:23]} Ra7 {[%emt 0:00:35]} 37. Rf2 {[%emt 0:03:10]} Kg7 {[%emt 0:00:56]} 38. Kg2 {[%emt 0:03:27]} Rd4 {[%emt 0:00:06]} 39. Rf4 {[%emt 0:00:39]} Nxa2 {[%emt 0:02:02]} 40. Rxd4 {[%emt 0:00:00]} cxd4 {[%emt 0:00:00]} 41. Re4 {[%emt 0:02:00]} Nc1 {[%emt 0:00:11]} 42. Rg4+ {[%emt 0:00:41]} Kh6 {[%emt 0:00:04]} 43. Be6 {[%emt 0:01:28]} b3 {[%emt 0:01:36]} 44. Kh3 {[%emt 0:11:28]} b2 {[%emt 0:00:20]} 45. Rh4+ {[%emt 0:00:08]} Kg7 {[%emt 0:00:07]} 46. Rg4+ {[%emt 0:00:03]} Kf8 {[%emt 0:00:05]} 47. Rg8+ {[%emt 0:00:03]} Ke7 {[%emt 0:00:06]} 48. Rb8 {[%emt 0:00:02]} Nd3 {[%emt 0:00:29]} 49. Bc4 {[%emt 0:00:24]} Nf2+ {[%emt 0:00:08]} 50. Kh4 {[%emt 0:01:08]} Nd1 {[%emt 0:00:05]} 51. Be2 {[%emt 0:01:21]} Ra1 {[%emt 0:00:08]} 52. Bd3 {[%emt 0:00:05]} Rc1 {[%emt 0:00:46]} 53. Be4 {[%emt 0:00:24]} Rc3 {[%emt 0:00:22]} 54. Rb7+ {[%emt 0:06:44]} Kd6 {[%emt 0:00:09]} 55. Rb6+ {[%emt 0:00:02]} Ke5 {[%emt 1:50:04]} 0-1

[Event "3rd Yerevan Open-A 2021"]
[Site "Yerevan"]
[Date "2021.10.17"]
[Round "4.12"]
[White "Morchiashvili, Bachana"]
[Black "Paichadze, Luka"]
[Result "1-0"]
[WhiteElo "2319"]
[BlackElo "2566"]
[Annotator "TA"]
[PlyCount "111"]
[EventDate "2021.10.14"]
[EventType "swiss"]
[EventCountry "ARM"]
[SourceTitle "playchess.com"]
[Source "ChessBase"]
[SourceQuality "1"]

{[%evp 24,111,85,71,91,109,145,91,94,103,97,97,128,97,97,106,143,153,232,239,226,214,295,305,295,278,311,306,311,330,402,401,424,418,402,427,426,426,415,397,474,483,1122,1110,1092,1049,2205,2143,2038,1929,2280,2091,2151,2143,2456,1878,1523,1320,11138,12845,693,12849,29937,29940,29943,5629,29949,11207,29948,12790,29951,29952,29950,29951,5606,272,29959,29961,29959,5057,29969,29969,29970,29971,29973,29974,29973,29972,5439,5057]} 1. d4 Nf6 2. Nf3 e6 3. c4 c5 4. d5 exd5 5. cxd5 d6 6. Nc3 g6 7. h3 Bg7 8. e4 O-O 9. Bd3 Re8 10. O-O a6 11. a4 Nbd7 12. Bf4 c4 {12...Qe7 is a critical line.} 13. Bc2 ({Don't play} 13. Bxc4 $6 Nxe4 14. Nxe4 Rxe4 $11) 13... Nc5 {[%cal Rc5e4] A70: Modern Benoni: 6 e4 g6 7 Nf3.} 14. Nd2 Nh5 {[#]} 15. Be3 ({Better is} 15. Bh2 $1) 15... Nd3 $16 {White is better.} 16. Bxd3 cxd3 17. Qb1 {[#]} Qh4 $146 {[#] Black wants to play ...Bxh3!} ({Predecessor:} 17... f5 18. Qxd3 f4 19. Bd4 f3 20. Nxf3 Nf4 21. Qd1 Bxh3 22. gxh3 Bxd4 23. Qxd4 Qd7 {1-0 (38) Schwing,H (2294)-Schulz,V (2121) Baden 2020}) 18. Nf3 $1 {[%cal Rf3h4]} Qe7 19. Qxd3 Bxc3 20. bxc3 Qxe4 (20... f5 $16) 21. Qxe4 $18 Rxe4 22. Nd2 Re5 23. Nc4 $1 {[%csl LRd6,LRe5][%mdl 64] Double Attack} Re7 24. Nxd6 Nf6 25. Bg5 Kg7 26. c4 h6 {[#]} 27. Rae1 $1 Rxe1 28. Bxf6+ Kxf6 29. Rxe1 {[%mdl 4096] Endgame KRB-KRN} Bd7 30. a5 Rb8 31. c5 Ba4 32. f4 Bb3 (32... g5 $142 33. Rf1 Rf8 34. fxg5+ Kxg5) 33. c6 bxc6 34. dxc6 Be6 35. c7 Rf8 {[#]} 36. Rxe6+ $1 {[%mdl 576] Promotion} Kxe6 (36... fxe6 37. c8=Q) 37. c8=Q+ Rxc8 38. Nxc8 {KN-KP} Kd7 39. Nb6+ Kc6 40. Nc4 Kb5 41. Nd6+ Kxa5 42. Nxf7 {KN-K3P} Kb5 43. Nd6+ Kc5 44. Ne4+ Kd4 45. Nd2 Ke3 46. Nb3 Kxf4 47. Kf2 Ke5 48. Ke3 Kd5 49. Kd3 $2 (49. Na5 h5 50. g3) 49... h5 $2 (49... Ke5 $18 50. g3 h5) 50. g3 Ke5 51. Nd4 (51. Ke3 $142 Kd5 52. Na5 Kd6 53. Kd4 Ke6 54. Ke4 Kd6 55. Nb3 Ke7 56. Ke5) 51... Kf6 52. Nc6 Ke6 53. Ke4 Kd6 54. Ne5 g5 55. Nf7+ Kc5 56. Kd3 {Weighted Error Value: White=0.03/Black=0.61} 1-0

[Event "3rd Yerevan Open-A 2021"]
[Site "Yerevan"]
[Date "2021.10.18"]
[Round "5.1"]
[White "Daghli, Arash"]
[Black "Sychev, Klementy"]
[Result "1/2-1/2"]
[WhiteElo "2427"]
[BlackElo "2555"]
[Annotator "TA"]
[PlyCount "84"]
[EventDate "2021.10.14"]
[EventType "swiss"]
[EventCountry "ARM"]
[SourceTitle "playchess.com"]
[Source "ChessBase"]
[SourceQuality "1"]

{[%evp 17,84,47,39,14,38,11,14,9,16,0,0,0,0,-9,0,0,0,-33,22,17,20,24,26,29,39,26,20,31,29,20,22,22,21,22,20,18,40,0,0,0,0,0,0,0,0,-9,-9,-18,-9,-9,-9,-9,-9,-9,-18,-18,0,-31,-22,-43,0,0,0,0,0,0,0,0,0]} 1. e4 e5 2. Nf3 Nc6 3. Bb5 a6 4. Ba4 Nf6 5. O-O Bc5 6. c3 b5 7. Bb3 d6 8. a4 {[%cal Ba2a4,Ba4a5][%mdl 32]} Rb8 9. d4 Bb6 10. a5 {C78: Ruy Lopez: Archangelsk and Möller Defences.} Ba7 (10... Bxa5 $2 11. dxe5 (11. d5 Ne7 $18) 11... dxe5 12. Qxd8+ Kxd8 13. Bd5 $18 (13. Bxf7 Bb6 $16)) 11. h3 Bb7 12. Re1 O-O 13. Be3 exd4 ({Much weaker is} 13... Nxe4 $6 14. d5 $16) 14. cxd4 {With the idea d5.} Nb4 {14...Ne7 is the fancy move.} ({Not} 14... Nxe4 15. d5 $18) 15. Bg5 h6 16. Bh4 c5 {...g5 is the strong threat.} 17. Nc3 c4 (17... Re8 $15) 18. Bc2 $11 g5 ({But not} 18... Nxc2 19. Qxc2 Re8 20. Qd2 $11) 19. Nxg5 hxg5 20. Bxg5 {[#]} Bxd4 $146 ({Predecessor:} 20... Nxc2 21. Qxc2 b4 22. Nd5 Bxd5 23. exd5 Bxd4 24. Qxc4 Bxb2 25. Rab1 Bc3 26. Qh4 Re8 27. Rxe8+ Qxe8 28. Bxf6 Bxf6 29. Qxf6 {1-0 (74) Jakovenko,D (2681)-Jones,G (2688) Khanty Mansiysk 2019}) 21. Bb1 Bc5 {Black wants to play ...Kg7.} 22. Qf3 Kg7 23. Qg3 {[#] aiming for e5.} Nh5 24. Qg4 Bc8 $1 {[%cal Rc8g4]} 25. Qxh5 Rh8 {Threatens to win with ...f6.} 26. Bxd8 Rxh5 27. e5 Rxe5 28. Rxe5 dxe5 29. Bc7 {[%mdl 64] [#] Double Attack} Rb7 30. Bxe5+ f6 31. Bf4 f5 32. Kf1 Be6 33. Be3 Bxe3 34. fxe3 Rd7 35. Ke1 Kf6 36. Ne2 Bd5 37. g3 Be4 38. Nd4 Ke5 39. Ke2 {The position is equal.} Rg7 40. Bxe4 Kxe4 41. Rf1 {Hoping for Rf4+.} Rxg3 42. Rf4+ Ke5 {Weighted Error Value: White=0.06/Black=0.05} 1/2-1/2